[Event "Blitz 2018"]
[Site "Saint-Petersburg"]
[Date "2018.12.30"]
[Round "18"]
[Board "20"]
[White "Van Foreest Jorden (NED)"]
[Black "Jobava Baadur (GEO)"]
[Result "0-1"]
[LiveChessVersion "1.4.8"]
[BlackElo "2705"]
[WhiteElo "2657"]

1. c4 {[%clk 0:03:02]} Nf6 {[%clk 0:03:03]} 2. Nc3 {[%clk 0:03:01]} e6
{[%clk 0:03:04]} 3. d4 {[%clk 0:03:00]} Bb4 {[%clk 0:03:05]} 4. Qc2
{[%clk 0:03:01]} d5 {[%clk 0:03:06]} 5. Nf3 {[%clk 0:02:59]} h6 {[%clk 0:03:04]}
6. g3 {[%clk 0:02:43]} O-O {[%clk 0:03:04]} 7. Bg2 {[%clk 0:02:44]} dxc4
{[%clk 0:03:00]} 8. O-O {[%clk 0:02:44]} Nc6 {[%clk 0:03:00]} 9. Rd1
{[%clk 0:02:38]} Rb8 {[%clk 0:02:43]} 10. e4 {[%clk 0:02:30]} Ne7
{[%clk 0:02:25]} 11. a3 {[%clk 0:02:21]} Bxc3 {[%clk 0:02:25]} 12. bxc3
{[%clk 0:02:22]} b5 {[%clk 0:02:18]} 13. a4 {[%clk 0:02:22]} a6 {[%clk 0:02:20]}
14. Ba3 {[%clk 0:02:23]} Re8 {[%clk 0:02:19]} 15. Ne5 {[%clk 0:02:06]} Bb7
{[%clk 0:02:18]} 16. Rab1 {[%clk 0:02:06]} Ba8 {[%clk 0:02:19]} 17. Bc5
{[%clk 0:02:06]} Nd7 {[%clk 0:02:12]} 18. Ba7 {[%clk 0:02:07]} Rb7
{[%clk 0:02:02]} 19. Bc5 {[%clk 0:01:58]} Rb8 {[%clk 0:01:49]} 20. Ba7
{[%clk 0:01:34]} Rb7 {[%clk 0:01:51]} 21. Bc5 {[%clk 0:01:36]} Nxc5 22. dxc5
{[%clk 0:01:37]} Qc8 {[%clk 0:01:52]} 23. Rd7 {[%clk 0:01:27]} Nc6
{[%clk 0:01:29]} 24. Nxc6 {[%clk 0:00:55]} Qxd7 {[%clk 0:01:29]} 25. Nd4
{[%clk 0:00:48]} bxa4 {[%clk 0:01:23]} 26. Ra1 {[%clk 0:00:42]} Rb3
{[%clk 0:01:23]} 27. Bf1 {[%clk 0:00:38]} e5 {[%clk 0:01:22]} 28. Nf3
{[%clk 0:00:16]} Qg4 {[%clk 0:01:15]} 29. Nd2 {[%clk 0:00:17]} Reb8
{[%clk 0:01:00]} 30. Bxc4 {[%clk 0:00:16]} Rb2 {[%clk 0:01:00]} 31. Qd3
{[%clk 0:00:06]} Rxd2 {[%clk 0:01:01]} 32. Qxd2 {[%clk 0:00:07]} Qxe4
{[%clk 0:01:01]} 0-1

[Event "Blitz 2018"]
[Site "Saint-Petersburg"]
[Date "2018.12.30"]
[Round "18"]
[Board "21"]
[White "Ghaem Maghami Ehsan (IRI)"]
[Black "Zhigalko Sergei (BLR)"]
[Result "1-0"]
[LiveChessVersion "1.4.8"]
[BlackElo "2693"]
[WhiteElo "2582"]

1. c4 {[%clk 0:03:03]} e5 {[%clk 0:03:03]} 2. Nc3 {[%clk 0:03:03]} Nf6
{[%clk 0:03:04]} 3. Nf3 {[%clk 0:03:05]} Nc6 {[%clk 0:03:05]} 4. e4
{[%clk 0:03:06]} Bb4 {[%clk 0:02:59]} 5. d3 {[%clk 0:03:06]} d6 {[%clk 0:02:59]}
6. a3 {[%clk 0:03:06]} Bxc3+ {[%clk 0:02:56]} 7. bxc3 {[%clk 0:03:06]} O-O
{[%clk 0:02:46]} 8. g3 {[%clk 0:03:07]} Nd7 {[%clk 0:02:26]} 9. Nh4
{[%clk 0:02:59]} Nc5 {[%clk 0:02:16]} 10. Bg2 {[%clk 0:02:58]} Ne7
{[%clk 0:02:04]} 11. Be3 {[%clk 0:02:56]} Be6 {[%clk 0:01:58]} 12. O-O
{[%clk 0:02:48]} Qd7 {[%clk 0:01:48]} 13. f4 {[%clk 0:02:37]} exf4
{[%clk 0:01:48]} 14. gxf4 {[%clk 0:02:35]} f5 {[%clk 0:01:44]} 15. e5
{[%clk 0:02:28]} Na4 {[%clk 0:01:22]} 16. Nf3 {[%clk 0:01:38]} Nxc3
{[%clk 0:00:56]} 17. Qb3 {[%clk 0:00:50]} Na4 {[%clk 0:00:57]} 18. Ng5
{[%clk 0:00:42]} Nb6 {[%clk 0:00:48]} 19. a4 {[%clk 0:00:41]} Rab8
{[%clk 0:00:25]} 20. a5 {[%clk 0:00:36]} Nbc8 {[%clk 0:00:26]} 21. d4
{[%clk 0:00:37]} h6 {[%clk 0:00:06]} 22. Nxe6 {[%clk 0:00:31]} Qxe6
{[%clk 0:00:07]} 23. d5 {[%clk 0:00:26]} Qf7 {[%clk 0:00:06]} 24. Kh1
{[%clk 0:00:25]} Ng6 {[%clk 0:00:07]} 25. Bd4 {[%clk 0:00:22]} a6
{[%clk 0:00:06]} 26. Qg3 {[%clk 0:00:22]} Nce7 {[%clk 0:00:07]} 27. e6
{[%clk 0:00:22]} Qe8 {[%clk 0:00:07]} 28. Bf3 {[%clk 0:00:22]} c5
{[%clk 0:00:04]} 29. Bc3 {[%clk 0:00:22]} b5 {[%clk 0:00:04]} 30. axb6 Rxb6 31.
Ra3 {[%clk 0:00:12]} Qb8 {[%clk 0:00:04]} 32. Bh5 {[%clk 0:00:12]} Rb1
{[%clk 0:00:05]} 33. Ra1 {[%clk 0:00:13]} Rxa1 {[%clk 0:00:04]} 34. Bxa1
{[%clk 0:00:13]} Kh7 {[%clk 0:00:03]} 35. Rg1 Qe8 36. h4 Rg8 37. Bc3
{[%clk 0:00:12]} Rf8 {[%clk 0:00:06]} 38. Bd1 {[%clk 0:00:11]} Rg8
{[%clk 0:00:07]} 39. h5 {[%clk 0:00:11]} Ne5 {[%clk 0:00:03]} 40. fxe5
{[%clk 0:00:12]} dxe5 {[%clk 0:00:04]} 41. Qxe5 {[%clk 0:00:11]} g5
{[%clk 0:00:04]} 42. d6 {[%clk 0:00:11]} Qc6+ {[%clk 0:00:04]} 43. Kh2
{[%clk 0:00:12]} Nc8 {[%clk 0:00:04]} 44. Qxf5+ {[%clk 0:00:12]} 1-0

[Event "Blitz 2018"]
[Site "Saint-Petersburg"]
[Date "2018.12.30"]
[Round "18"]
[Board "22"]
[White "Cheparinov Ivan (GEO)"]
[Black "Ponkratov Pavel (RUS)"]
[Result "1/2-1/2"]
[LiveChessVersion "1.4.8"]
[BlackElo "2688"]
[WhiteElo "2618"]

1. Nf3 {[%clk 0:03:03]} c5 {[%clk 0:03:01]} 2. c4 {[%clk 0:03:04]} Nc6
{[%clk 0:03:02]} 3. Nc3 {[%clk 0:03:05]} Nf6 {[%clk 0:03:00]} 4. g3
{[%clk 0:03:05]} d5 {[%clk 0:02:51]} 5. d4 {[%clk 0:03:06]} cxd4 {[%clk 0:02:22]}
6. Nxd4 {[%clk 0:03:06]} Qb6 {[%clk 0:02:22]} 7. Nxc6 {[%clk 0:02:15]} bxc6
{[%clk 0:02:22]} 8. Bg2 {[%clk 0:02:16]} e6 {[%clk 0:02:23]} 9. O-O
{[%clk 0:02:16]} Bb4 {[%clk 0:02:16]} 10. Na4 {[%clk 0:02:11]} Qa6
{[%clk 0:02:14]} 11. a3 {[%clk 0:01:54]} Be7 {[%clk 0:02:14]} 12. cxd5
{[%clk 0:01:53]} cxd5 {[%clk 0:02:15]} 13. b4 {[%clk 0:01:52]} Bd7
{[%clk 0:02:13]} 14. Nc5 {[%clk 0:01:51]} Bxc5 {[%clk 0:02:14]} 15. bxc5
{[%clk 0:01:52]} Rc8 {[%clk 0:01:53]} 16. Be3 {[%clk 0:01:49]} O-O
{[%clk 0:01:51]} 17. Bd4 {[%clk 0:01:50]} Bb5 {[%clk 0:01:48]} 18. Qd2
{[%clk 0:01:38]} Ne4 {[%clk 0:01:43]} 19. Bxe4 {[%clk 0:01:34]} dxe4
{[%clk 0:01:44]} 20. Bxg7 {[%clk 0:01:25]} Kxg7 {[%clk 0:01:44]} 21. Qg5+
{[%clk 0:01:26]} Kh8 22. Qf6+ Kg8 {[%clk 0:01:46]} 23. Qg5+ {[%clk 0:01:29]}
1/2-1/2

[Event "Blitz 2018"]
[Site "Saint-Petersburg"]
[Date "2018.12.30"]
[Round "18"]
[Board "23"]
[White "Korobov Anton (UKR)"]
[Black "Smirin Ilia (ISR)"]
[Result "1-0"]
[LiveChessVersion "1.4.8"]
[BlackElo "2582"]
[WhiteElo "2677"]

1. d4 {[%clk 0:03:03]} Nf6 {[%clk 0:03:03]} 2. c4 {[%clk 0:03:04]} g6
{[%clk 0:03:04]} 3. Nc3 {[%clk 0:03:05]} Bg7 {[%clk 0:03:05]} 4. e4
{[%clk 0:03:06]} d6 {[%clk 0:03:07]} 5. f3 {[%clk 0:03:06]} a6 {[%clk 0:03:06]}
6. Be3 {[%clk 0:03:03]} Nc6 {[%clk 0:03:05]} 7. Nge2 {[%clk 0:03:00]} O-O
{[%clk 0:03:02]} 8. Qd2 {[%clk 0:03:01]} Bd7 {[%clk 0:03:02]} 9. Rc1
{[%clk 0:03:01]} b5 {[%clk 0:03:02]} 10. cxb5 {[%clk 0:02:45]} axb5
{[%clk 0:03:03]} 11. Nxb5 {[%clk 0:02:46]} Rxa2 {[%clk 0:03:04]} 12. Nbc3
{[%clk 0:02:33]} Ra8 {[%clk 0:03:01]} 13. d5 {[%clk 0:02:23]} Na5
{[%clk 0:02:53]} 14. Nd4 {[%clk 0:02:24]} Qb8 {[%clk 0:02:53]} 15. Be2
{[%clk 0:02:12]} e5 {[%clk 0:02:47]} 16. dxe6 {[%clk 0:02:12]} fxe6
{[%clk 0:02:48]} 17. Qc2 {[%clk 0:02:05]} c5 {[%clk 0:02:30]} 18. Ndb5
{[%clk 0:02:03]} c4 {[%clk 0:02:22]} 19. Na3 {[%clk 0:02:00]} d5 {[%clk 0:02:22]}
20. Rd1 {[%clk 0:01:56]} Bc6 {[%clk 0:02:16]} 21. O-O {[%clk 0:01:51]} Rd8
{[%clk 0:02:08]} 22. Kh1 {[%clk 0:01:50]} Kh8 {[%clk 0:01:45]} 23. Bg1
{[%clk 0:01:41]} Qb7 {[%clk 0:01:28]} 24. exd5 {[%clk 0:01:19]} exd5
{[%clk 0:01:27]} 25. Rfe1 {[%clk 0:01:16]} Rab8 {[%clk 0:01:21]} 26. Na4
{[%clk 0:00:51]} Qb3 {[%clk 0:01:14]} 27. Qxb3 {[%clk 0:00:52]} Rxb3
{[%clk 0:01:05]} 28. Nc5 {[%clk 0:00:49]} Rxb2 {[%clk 0:01:03]} 29. Nxc4
{[%clk 0:00:47]} Rxe2 {[%clk 0:00:46]} 30. Nxa5 {[%clk 0:00:46]} Rxe1
{[%clk 0:00:47]} 31. Rxe1 {[%clk 0:00:47]} Bb5 {[%clk 0:00:45]} 32. Nab7
{[%clk 0:00:47]} Re8 {[%clk 0:00:46]} 33. Rb1 {[%clk 0:00:49]} Bc6
{[%clk 0:00:19]} 34. Nd6 {[%clk 0:00:49]} Ra8 {[%clk 0:00:20]} 35. Ne6
{[%clk 0:00:46]} Ne8 {[%clk 0:00:17]} 36. Nxg7 {[%clk 0:00:37]} Nxd6
{[%clk 0:00:15]} 37. Ne6 {[%clk 0:00:39]} Kg8 {[%clk 0:00:11]} 38. h3
{[%clk 0:00:39]} Bd7 {[%clk 0:00:11]} 39. Nc5 {[%clk 0:00:39]} Bf5
{[%clk 0:00:11]} 40. Rd1 {[%clk 0:00:41]} Ne8 {[%clk 0:00:05]} 41. Rxd5 Nf6 42.
Rd1 {[%clk 0:00:42]} h5 {[%clk 0:00:07]} 43. Kh2 {[%clk 0:00:41]} Kf7
{[%clk 0:00:08]} 44. Nb7 {[%clk 0:00:39]} Ne8 {[%clk 0:00:08]} 45. Nc5
{[%clk 0:00:38]} Nf6 {[%clk 0:00:09]} 46. Rc1 {[%clk 0:00:38]} Rc8
{[%clk 0:00:10]} 47. Ra1 {[%clk 0:00:39]} Rc7 {[%clk 0:00:11]} 48. Bd4
{[%clk 0:00:38]} Nd7 {[%clk 0:00:12]} 49. Nb3 {[%clk 0:00:37]} Be6
{[%clk 0:00:13]} 50. Nd2 {[%clk 0:00:38]} Bf5 {[%clk 0:00:13]} 51. Ra6
{[%clk 0:00:35]} Rc2 {[%clk 0:00:14]} 52. Nf1 {[%clk 0:00:30]} Rc4
{[%clk 0:00:13]} 53. Bg1 {[%clk 0:00:29]} Rc7 {[%clk 0:00:08]} 54. Ne3
{[%clk 0:00:29]} Be6 {[%clk 0:00:10]} 55. Bf2 {[%clk 0:00:30]} Nf6
{[%clk 0:00:11]} 56. Bg3 Rd7 57. Be5 {[%clk 0:00:29]} Nd5 {[%clk 0:00:13]} 58.
Nc4 {[%clk 0:00:29]} Nb4 {[%clk 0:00:14]} 59. Nd6+ {[%clk 0:00:30]} Ke7
{[%clk 0:00:14]} 60. Rb6 {[%clk 0:00:30]} Nd3 {[%clk 0:00:13]} 61. Bg3
{[%clk 0:00:30]} g5 {[%clk 0:00:11]} 62. h4 {[%clk 0:00:31]} g4 {[%clk 0:00:11]}
63. Ne4 {[%clk 0:00:31]} gxf3 {[%clk 0:00:11]} 64. gxf3 {[%clk 0:00:32]} Ra7
{[%clk 0:00:09]} 65. Bd6+ {[%clk 0:00:31]} Ke8 {[%clk 0:00:10]} 66. Kg3
{[%clk 0:00:30]} Bf5 {[%clk 0:00:07]} 67. Ng5 {[%clk 0:00:29]} Ra1
{[%clk 0:00:06]} 68. Rb5 {[%clk 0:00:25]} Bc8 {[%clk 0:00:04]} 69. Ne4
{[%clk 0:00:21]} Rg1+ {[%clk 0:00:04]} 70. Kh2 {[%clk 0:00:22]} Rf1
{[%clk 0:00:05]} 71. Kg2 {[%clk 0:00:21]} Rc1 {[%clk 0:00:04]} 72. Rxh5
{[%clk 0:00:21]} Ne1+ {[%clk 0:00:03]} 73. Kf2 {[%clk 0:00:21]} 1-0

[Event "Blitz 2018"]
[Site "Saint-Petersburg"]
[Date "2018.12.30"]
[Round "18"]
[Board "24"]
[White "Tang Andrew (USA)"]
[Black "Adly Ahmed (EGY)"]
[Result "0-1"]
[LiveChessVersion "1.4.8"]
[BlackElo "2675"]
[WhiteElo "2501"]

1. d4 {[%clk 0:03:03]} Nf6 {[%clk 0:03:03]} 2. c4 {[%clk 0:03:04]} e6
{[%clk 0:03:05]} 3. Nc3 {[%clk 0:03:05]} d5 {[%clk 0:03:06]} 4. cxd5
{[%clk 0:03:05]} Nxd5 {[%clk 0:03:06]} 5. e4 {[%clk 0:03:06]} Nxc3 6. bxc3
{[%clk 0:03:07]} c5 {[%clk 0:03:08]} 7. Nf3 {[%clk 0:03:08]} cxd4
{[%clk 0:03:10]} 8. cxd4 {[%clk 0:03:09]} Bb4+ {[%clk 0:03:11]} 9. Bd2
{[%clk 0:03:10]} Bxd2+ {[%clk 0:03:12]} 10. Qxd2 {[%clk 0:03:11]} O-O
{[%clk 0:03:12]} 11. Rc1 {[%clk 0:03:12]} b6 {[%clk 0:03:11]} 12. Bd3
{[%clk 0:03:09]} Bb7 {[%clk 0:03:11]} 13. O-O {[%clk 0:03:06]} Nd7
{[%clk 0:03:12]} 14. Qf4 {[%clk 0:03:03]} Nf6 {[%clk 0:03:09]} 15. g4
{[%clk 0:03:00]} Qb8 {[%clk 0:02:59]} 16. Ne5 {[%clk 0:02:44]} Nd7
{[%clk 0:03:00]} 17. Rc3 {[%clk 0:02:27]} f6 {[%clk 0:02:49]} 18. Bc4
{[%clk 0:02:17]} fxe5 {[%clk 0:02:49]} 19. Bxe6+ {[%clk 0:02:18]} Kh8
{[%clk 0:02:49]} 20. Qg5 {[%clk 0:02:19]} Qd6 {[%clk 0:02:36]} 21. Bf5
{[%clk 0:01:42]} exd4 {[%clk 0:02:11]} 22. Rh3 {[%clk 0:01:40]} h6
{[%clk 0:02:07]} 23. Qh5 {[%clk 0:01:28]} Rae8 {[%clk 0:01:29]} 24. f3
{[%clk 0:01:16]} Re5 {[%clk 0:01:23]} 25. g5 {[%clk 0:01:03]} d3 {[%clk 0:01:17]}
26. Rd1 {[%clk 0:00:40]} d2 {[%clk 0:01:10]} 27. gxh6 {[%clk 0:00:37]} g6
{[%clk 0:01:10]} 28. Qxg6 {[%clk 0:00:32]} Rg8 {[%clk 0:01:08]} 29. Qg7+
{[%clk 0:00:33]} Rxg7+ {[%clk 0:01:09]} 30. hxg7+ {[%clk 0:00:34]} Kxg7
{[%clk 0:01:09]} 31. Rh7+ {[%clk 0:00:35]} Kg8 {[%clk 0:01:02]} 32. Rxd7
{[%clk 0:00:36]} Qc5+ {[%clk 0:01:03]} 33. Kg2 {[%clk 0:00:34]} Rxf5
{[%clk 0:00:59]} 34. exf5 {[%clk 0:00:15]} Bxf3+ {[%clk 0:01:00]} 35. Kxf3
{[%clk 0:00:16]} Qxf5+ {[%clk 0:01:01]} 36. Ke3 {[%clk 0:00:17]} Qxd7
{[%clk 0:00:58]} 37. Rxd2 {[%clk 0:00:18]} Qh3+ {[%clk 0:00:58]} 38. Ke4
{[%clk 0:00:17]} Kf7 {[%clk 0:00:58]} 39. Kd4 {[%clk 0:00:15]} Ke6
{[%clk 0:00:56]} 40. Kc4 {[%clk 0:00:15]} Qa3 {[%clk 0:00:51]} 41. Kd4
{[%clk 0:00:14]} Qb4+ {[%clk 0:00:49]} 42. Kd3 {[%clk 0:00:14]} Ke5
{[%clk 0:00:50]} 43. Re2+ {[%clk 0:00:14]} Kd5 {[%clk 0:00:51]} 44. Rd2
{[%clk 0:00:14]} a5 {[%clk 0:00:50]} 45. Ke3+ {[%clk 0:00:12]} Ke5
{[%clk 0:00:50]} 46. Kd3 {[%clk 0:00:12]} b5 {[%clk 0:00:51]} 47. Re2+
{[%clk 0:00:12]} Kd5 {[%clk 0:00:52]} 48. Rd2 {[%clk 0:00:13]} Qc4+
{[%clk 0:00:53]} 49. Ke3+ {[%clk 0:00:14]} Ke5 {[%clk 0:00:54]} 50. Kd4+ 0-1

[Event "Blitz 2018"]
[Site "Saint-Petersburg"]
[Date "2018.12.30"]
[Round "18"]
[Board "25"]
[White "Anand Viswanathan (IND)"]
[Black "Yudin Sergei (RUS)"]
[Result "1-0"]
[LiveChessVersion "1.4.8"]
[BlackElo "2533"]
[WhiteElo "2832"]

1. e4 {[%clk 0:03:03]} d6 {[%clk 0:03:03]} 2. d4 {[%clk 0:03:04]} Nf6
{[%clk 0:03:03]} 3. Nc3 {[%clk 0:03:04]} e5 {[%clk 0:03:04]} 4. Nge2
{[%clk 0:02:57]} Be7 {[%clk 0:03:01]} 5. Be3 {[%clk 0:02:54]} O-O
{[%clk 0:02:51]} 6. f3 {[%clk 0:02:54]} exd4 {[%clk 0:02:48]} 7. Qxd4
{[%clk 0:02:55]} Nc6 {[%clk 0:02:48]} 8. Qd2 {[%clk 0:02:55]} a6 {[%clk 0:02:44]}
9. O-O-O {[%clk 0:02:51]} b5 {[%clk 0:02:43]} 10. Kb1 {[%clk 0:02:41]} Ne5
{[%clk 0:02:37]} 11. Nd4 {[%clk 0:02:39]} c5 {[%clk 0:02:17]} 12. Nf5
{[%clk 0:02:38]} Bxf5 {[%clk 0:02:17]} 13. exf5 {[%clk 0:02:39]} Qc8
{[%clk 0:01:25]} 14. Nd5 {[%clk 0:02:27]} Nxd5 {[%clk 0:01:26]} 15. Qxd5
{[%clk 0:02:28]} Re8 {[%clk 0:01:26]} 16. g4 {[%clk 0:02:19]} Rb8
{[%clk 0:01:22]} 17. Rg1 {[%clk 0:01:58]} Bf8 {[%clk 0:01:16]} 18. Bc1
{[%clk 0:01:46]} Nc6 {[%clk 0:00:57]} 19. f4 {[%clk 0:01:35]} c4 {[%clk 0:00:41]}
20. Bg2 {[%clk 0:01:29]} Nb4 {[%clk 0:00:40]} 21. Qf3 {[%clk 0:01:14]} a5
{[%clk 0:00:37]} 22. Bd2 {[%clk 0:01:02]} d5 {[%clk 0:00:27]} 23. Bxb4
{[%clk 0:00:57]} axb4 {[%clk 0:00:28]} 24. Qxd5 {[%clk 0:00:57]} Qa6
{[%clk 0:00:28]} 25. Qc6 {[%clk 0:00:53]} Qa5 {[%clk 0:00:26]} 26. Bd5
{[%clk 0:00:45]} Qa7 {[%clk 0:00:12]} 27. Bh1 {[%clk 0:00:34]} Ra8
{[%clk 0:00:13]} 28. Qxa8 {[%clk 0:00:28]} Rxa8 {[%clk 0:00:14]} 29. Bxa8
{[%clk 0:00:29]} Qxa8 {[%clk 0:00:15]} 30. Rge1 {[%clk 0:00:29]} h5
{[%clk 0:00:14]} 31. g5 {[%clk 0:00:30]} b3 {[%clk 0:00:13]} 32. axb3
{[%clk 0:00:31]} cxb3 {[%clk 0:00:14]} 33. cxb3 {[%clk 0:00:32]} Qf3
{[%clk 0:00:10]} 34. Rd8 {[%clk 0:00:30]} Qxf4 {[%clk 0:00:09]} 35. Ree8
{[%clk 0:00:29]} Qxf5+ {[%clk 0:00:09]} 36. Ka2 {[%clk 0:00:29]} Kh7
{[%clk 0:00:05]} 37. Rxf8 {[%clk 0:00:29]} b4 {[%clk 0:00:05]} 38. Ra8
{[%clk 0:00:29]} Kg6 {[%clk 0:00:04]} 39. Ra7 {[%clk 0:00:28]} h4
{[%clk 0:00:04]} 40. Rb8 {[%clk 0:00:26]} Qxg5 {[%clk 0:00:03]} 41. Rxb4
{[%clk 0:00:27]} f6 {[%clk 0:00:04]} 42. Rbb7 {[%clk 0:00:28]} Kh6
{[%clk 0:00:04]} 43. Rxg7 {[%clk 0:00:28]} Qxg7 {[%clk 0:00:05]} 44. Rxg7
{[%clk 0:00:30]} Kxg7 {[%clk 0:00:06]} 45. Kb1 {[%clk 0:00:31]} 1-0

[Event "Blitz 2018"]
[Site "Saint-Petersburg"]
[Date "2018.12.30"]
[Round "18"]
[Board "27"]
[White "Yilmaz Mustafa (TUR)"]
[Black "Mamedov Rauf (AZE)"]
[Result "1-0"]
[LiveChessVersion "1.4.8"]
[BlackElo "2741"]
[WhiteElo "2515"]

1. d4 {[%clk 0:03:03]} d6 {[%clk 0:03:04]} 2. Nf3 {[%clk 0:03:02]} g6
{[%clk 0:03:05]} 3. c4 {[%clk 0:03:04]} Nf6 {[%clk 0:03:06]} 4. Nc3
{[%clk 0:03:04]} Bf5 {[%clk 0:03:07]} 5. Qb3 {[%clk 0:02:52]} Qc8
{[%clk 0:03:09]} 6. Nh4 {[%clk 0:02:49]} Bd7 {[%clk 0:03:09]} 7. e4
{[%clk 0:02:50]} Nc6 {[%clk 0:03:05]} 8. d5 {[%clk 0:02:45]} Nd4 {[%clk 0:02:58]}
9. Qd1 {[%clk 0:02:45]} c5 {[%clk 0:02:47]} 10. dxc6 {[%clk 0:02:44]} Nxc6
{[%clk 0:02:48]} 11. Be2 {[%clk 0:02:41]} Bg7 {[%clk 0:02:48]} 12. O-O
{[%clk 0:02:38]} O-O {[%clk 0:02:47]} 13. Bg5 {[%clk 0:02:14]} h6
{[%clk 0:02:40]} 14. Be3 {[%clk 0:02:07]} Ng4 {[%clk 0:02:32]} 15. Bd2
{[%clk 0:02:08]} Re8 {[%clk 0:02:09]} 16. Rc1 {[%clk 0:02:08]} Nd4
{[%clk 0:02:04]} 17. b3 {[%clk 0:01:42]} Ne5 {[%clk 0:01:57]} 18. Be3
{[%clk 0:01:29]} Nec6 {[%clk 0:01:53]} 19. Bd3 {[%clk 0:01:26]} Qd8
{[%clk 0:01:53]} 20. h3 {[%clk 0:01:23]} Ne6 {[%clk 0:01:46]} 21. Qd2
{[%clk 0:01:20]} Kh7 {[%clk 0:01:39]} 22. Bb1 {[%clk 0:01:20]} a5
{[%clk 0:01:31]} 23. f4 {[%clk 0:01:19]} Nc5 {[%clk 0:01:06]} 24. e5
{[%clk 0:01:20]} e6 {[%clk 0:00:40]} 25. Nxg6 {[%clk 0:00:39]} fxg6
{[%clk 0:00:40]} 26. Qc2 {[%clk 0:00:40]} Rh8 {[%clk 0:00:31]} 27. exd6
{[%clk 0:00:37]} b6 {[%clk 0:00:22]} 28. Qxg6+ Kg8 29. f5 {[%clk 0:00:33]} Ne5
{[%clk 0:00:11]} 30. Qg3 {[%clk 0:00:29]} exf5 {[%clk 0:00:12]} 31. Nd5
{[%clk 0:00:28]} Rh7 {[%clk 0:00:06]} 32. Ne7+ {[%clk 0:00:24]} Kh8
{[%clk 0:00:07]} 33. Bf4 {[%clk 0:00:21]} Nc6 {[%clk 0:00:07]} 34. Ng6+
{[%clk 0:00:20]} Kg8 {[%clk 0:00:08]} 35. Rce1 {[%clk 0:00:19]} Ne4
{[%clk 0:00:09]} 36. Rxe4 {[%clk 0:00:18]} fxe4 {[%clk 0:00:10]} 37. Bxe4
{[%clk 0:00:19]} Bd4+ {[%clk 0:00:08]} 38. Kh1 {[%clk 0:00:19]} Rg7
{[%clk 0:00:10]} 39. Bxh6 {[%clk 0:00:17]} Be5 {[%clk 0:00:11]} 40. Qf3
{[%clk 0:00:13]} Nd4 {[%clk 0:00:12]} 41. Qh5 {[%clk 0:00:13]} Ne2
{[%clk 0:00:05]} 42. Qxe2 {[%clk 0:00:11]} Qh4 {[%clk 0:00:06]} 43. Nxh4 1-0

[Event "Blitz 2018"]
[Site "Saint-Petersburg"]
[Date "2018.12.30"]
[Round "18"]
[Board "28"]
[White "Saric Ivan (CRO)"]
[Black "Melkumyan Hrant (ARM)"]
[Result "0-1"]
[LiveChessVersion "1.4.8"]
[BlackElo "2699"]
[WhiteElo "2572"]

1. e4 {[%clk 0:03:03]} c5 {[%clk 0:03:04]} 2. Nf3 {[%clk 0:03:04]} Nc6
{[%clk 0:03:05]} 3. Nc3 {[%clk 0:03:05]} e5 {[%clk 0:03:01]} 4. Bc4
{[%clk 0:03:06]} Be7 {[%clk 0:03:02]} 5. d3 {[%clk 0:03:06]} d6 {[%clk 0:03:03]}
6. O-O {[%clk 0:03:04]} Nf6 {[%clk 0:03:04]} 7. Ng5 {[%clk 0:03:06]} O-O
{[%clk 0:03:05]} 8. f4 {[%clk 0:03:07]} Bg4 {[%clk 0:03:03]} 9. Qe1
{[%clk 0:03:08]} h6 {[%clk 0:02:28]} 10. Nf3 {[%clk 0:02:56]} Nd4
{[%clk 0:01:40]} 11. fxe5 {[%clk 0:02:28]} Bxf3 {[%clk 0:01:27]} 12. exf6
{[%clk 0:02:28]} Bxf6 {[%clk 0:01:28]} 13. Rxf3 {[%clk 0:02:25]} Nxc2
{[%clk 0:01:27]} 14. Qd1 {[%clk 0:01:51]} Bd4+ {[%clk 0:01:12]} 15. Kh1
{[%clk 0:01:52]} Nxa1 {[%clk 0:01:13]} 16. Bd2 {[%clk 0:01:50]} a6
{[%clk 0:01:09]} 17. Qxa1 {[%clk 0:01:51]} b5 {[%clk 0:01:11]} 18. Bd5
{[%clk 0:01:52]} Rc8 {[%clk 0:01:08]} 19. Qf1 {[%clk 0:01:48]} Qe7
{[%clk 0:01:05]} 20. a3 {[%clk 0:01:44]} b4 {[%clk 0:01:01]} 21. axb4
{[%clk 0:01:32]} cxb4 {[%clk 0:01:02]} 22. Ne2 {[%clk 0:01:29]} Bxb2
{[%clk 0:01:01]} 23. Bxb4 {[%clk 0:01:29]} Rc2 {[%clk 0:00:57]} 24. Bb3
{[%clk 0:01:25]} Rc7 {[%clk 0:00:58]} 25. Bd2 {[%clk 0:01:23]} Kh8
{[%clk 0:00:53]} 26. Nf4 {[%clk 0:01:23]} Rcc8 {[%clk 0:00:49]} 27. h3
{[%clk 0:01:19]} Be5 {[%clk 0:00:43]} 28. Bc4 {[%clk 0:01:19]} a5
{[%clk 0:00:42]} 29. Bxa5 Ra8 30. Be1 {[%clk 0:01:06]} Kh7 {[%clk 0:00:45]} 31.
Ne2 {[%clk 0:00:59]} Ra1 {[%clk 0:00:44]} 32. d4 {[%clk 0:01:00]} Bf6
{[%clk 0:00:45]} 33. Bd3 {[%clk 0:00:57]} Bh4 {[%clk 0:00:43]} 34. g3
{[%clk 0:00:58]} Bg5 {[%clk 0:00:44]} 35. h4 {[%clk 0:00:57]} Bd2
{[%clk 0:00:45]} 36. Bxd2 {[%clk 0:00:52]} Rxf1+ 37. Rxf1 {[%clk 0:00:53]} Kg8
{[%clk 0:00:47]} 38. Kg2 {[%clk 0:00:54]} Qb7 {[%clk 0:00:46]} 39. Nf4
{[%clk 0:00:53]} Re8 {[%clk 0:00:45]} 40. Rf2 {[%clk 0:00:41]} Qb3
{[%clk 0:00:39]} 41. Kh2 {[%clk 0:00:39]} g5 {[%clk 0:00:38]} 42. hxg5
{[%clk 0:00:39]} hxg5 {[%clk 0:00:40]} 43. Nd5 {[%clk 0:00:38]} Qxd3
{[%clk 0:00:40]} 44. Nf6+ {[%clk 0:00:38]} Kf8 {[%clk 0:00:41]} 45. Bxg5
{[%clk 0:00:25]} Rc8 {[%clk 0:00:32]} 46. Bh6+ {[%clk 0:00:24]} Ke7 47. Nd5+ Ke8
{[%clk 0:00:33]} 48. Nf6+ {[%clk 0:00:24]} Kd8 {[%clk 0:00:34]} 49. Bg5
{[%clk 0:00:08]} Rc2 {[%clk 0:00:35]} 50. Rxc2 {[%clk 0:00:09]} Qxc2+
{[%clk 0:00:36]} 51. Kh3 {[%clk 0:00:11]} Qd1 {[%clk 0:00:36]} 52. d5
{[%clk 0:00:11]} Kc8 {[%clk 0:00:36]} 53. Bh4 {[%clk 0:00:06]} Qf3
{[%clk 0:00:36]} 54. Bg5 {[%clk 0:00:05]} Kb7 {[%clk 0:00:37]} 55. Bf4
{[%clk 0:00:06]} Ka6 {[%clk 0:00:34]} 56. Kh4 {[%clk 0:00:07]} Qh1+
{[%clk 0:00:28]} 57. Kg5 {[%clk 0:00:07]} Qh8 {[%clk 0:00:29]} 58. Bxd6
{[%clk 0:00:05]} Qg7+ {[%clk 0:00:30]} 59. Kf5 {[%clk 0:00:05]} Qg6+
{[%clk 0:00:31]} 60. Ke5 {[%clk 0:00:07]} Qxg3+ {[%clk 0:00:32]} 61. Kd4 0-1